Le Nouveau Palais de Justice du Caire.

محفوظ في:

التنسيق: كتاب

اللغة: French

منشور في: [Alexandrie] : Journal des tribunaux mixtes, 1935.

الموضوعات:

الوسوم: إضافة وسم

لا توجد وسوم, كن أول من يضع وسما على هذه التسجيلة!

رقم الطلب: ( F )NA1583 .P24 1935

LEADER 00710nam a2200193Ia 4500
003 OSt
005 20241028053736.0
008 230909s1935 ua a 000 0 fre d
952 |0 0  |1 0  |2 lcc  |4 0  |7 1  |9 49787  |a ARCE  |b ARCE  |d 2023-09-09  |l 0  |o ( F )NA1583 .P24 1935  |p 1024035  |r 2023-09-09 00:00:00  |w 2023-09-09  |y BK 
999 |c 54410  |d 54410 
040 |c ARCE Library 
050 4 |a ( F )NA1583 .P24 1935 
245 0 0 |a Le Nouveau Palais de Justice du Caire. 
264 1 |a [Alexandrie] :   |b Journal des tribunaux mixtes,   |c 1935. 
300 |a 64 p. :   |b 59 ill. ;   |c 34 cm. 
500 |a Special issue of the "Journal des Tribunaux mixtes", January 1, 1935. 
650 0 |a Architecture -- Egypt -- Cairo. 
901 |a reviewed 
942 |2 lcc  |c BK